|
|
|
|
| LEADER |
00000nab a2200000 a 4500 |
| 001 |
vtls000591568 |
| 003 |
SK-MaSNL |
| 005 |
20260303020044.0 |
| 008 |
120930c1996 xo 0 slo |
| 015 |
|
|
|a SNBRB19rr/mm-uuuuu
|
| 035 |
|
|
|a CL0591707
|
| 040 |
|
|
|a SNKBUCL
|b slo
|c SNKBUCL
|e AACR2
|
| 041 |
0 |
|
|a slo
|
| 044 |
|
|
|a xo
|c SK
|
| 080 |
|
|
|a 008
|2 1981
|
| 100 |
1 |
|
|a Snopko, Ladislav
|4 aut
|9 286287
|
| 245 |
1 |
0 |
|a Zhora? Nie! - Zdola
|c Ladislav Snopko
|
| 650 |
0 |
7 |
|a kultúra
|2 snkbucl
|9 886
|
| 651 |
|
7 |
|a 5406
|2 snkbucl
|9 276477
|
| 651 |
|
7 |
|a Poprad (Slovensko)
|2 snkbucl
|9 20155
|
| 655 |
|
7 |
|a články z novín a časopisov
|2 snkbucl
|9 267496
|
| 773 |
0 |
|
|t Sme
|g Roč. 4 a 49, č. 165 (17. 7. 1996), s. 10
|
| 850 |
|
|
|a Slovenská národná knižnica v Martine
|a MTA001
|
| 852 |
|
|
|a SNK
|b KIS3GCP
|
| 958 |
|
|
|a RK
|
| 992 |
|
|
|a RBX
|
| 999 |
|
|
|c 1616319
|d 1618249
|